000 00491nam a2200181Ia 4500
005 20250423100823.0
008 250422s9999 xx 000 0 und d
020 _a9780878933846
050 _aHD 38.6 .D47/
100 _aDesmet, Dram
245 0 _aRethinking supply chain
260 _aLondon
260 _b Kogan Page
260 _c2023
300 _axxix, 190p.: ill.
650 _aBusiness logistics. Supply chain management. Strategic planning. Business planning.
942 _cBK
999 _c34437
_d34437